000 00834nam a2200265 i 4500
001 19020
003 ES-MaACL
005 20250826060151.0
007 t|
008 020514s2001 sp ||||1| spa d
020 _a84-8306-455-3
080 _a001.98
100 1 _aGardner, Martin.
_955513
245 1 1 _a¿Tenían ombligo Adán y Eva?
_b: la falsedad de la seudociencia al descubierto /
_cMartin Gardner ; traducción de Juan Manuel Ibeas.
250 _a1ª ed.
260 _aMadrid :
_bDebate,
_c2001.
300 _a395 p. :
_bil. ;
_c22 cm.
490 1 _aTemas de debate
504 _aBibliografía. Indice.
650 1 7 _aErrores científicos
_2embne
_912348
700 1 _aIbeas Delgado, Juan Manuel.
_964987
830 0 _aTemas de debate
_9179795
852 _aES-MaACL
_jL-25500
_bR.131329
999 _c19020
_d19020